000 00447ntaaa2200181 4500
003 01
005 20251027202623.0
008 0714s1973 ag 01
040 _aAR-BaBN
_bspa
_cAR-BaBN
_eaacr
_dRIC
082 _a371.0000 C15mb
100 _aCampbell, Doak S
245 _aEl maestro eficiente
250 _a1 ed.
260 _aEl Paso :
_bCasa Bautista de Publlicaciones,
_c1974
300 _a160 p
650 _aenseƱanza
_92886
942 _cBK
999 _c21336
_d21336